书目信息 |
| 题名: |
财智女性的人生经营课
|
|
| 作者: | 晴时 编著 | |
| 分册: | ||
| 出版信息: | 广州 广东经济出版社 2017.06 |
|
| 页数: | 248页 | |
| 开本: | 21cm | |
| 丛书名: | 她力量系列 | |
| 单 册: | ||
| 中图分类: | K818.5 | |
| 科图分类: | ||
| 主题词: | 女性--nv xing--生平事迹--世界 | |
| 电子资源: | ||
| ISBN: | 978-7-5454-5408-6 | |
| 000 | 01019nam 2200289 450 | |
| 001 | CAL 0120172219581 | |
| 005 | 20170616164954.1 | |
| 010 | @a978-7-5454-5408-6@b@dCNY39.80 | |
| 100 | @a20170615d2017 em y0chiy50 ea | |
| 101 | 0 | @achi |
| 102 | @aCN@b440000 | |
| 105 | @ay a 000yc | |
| 106 | @ar | |
| 200 | 1 | @a财智女性的人生经营课@Acai zhi nv xing de ren sheng jing ying ke@d= Smartfortune women@f晴时编著@g@zeng |
| 210 | @a广州@c广东经济出版社@d2017.06 | |
| 215 | @a248页@c@d21cm | |
| 225 | 2 | @a她力量系列@Ata li liang xi lie |
| 320 | @a有书目 | |
| 330 | @a本书共分为十八章, 其主要内容包括: 珍妮特·耶伦 百年美联储首位女掌门 ; 梅琳达·盖茨 慈善界“第一夫人” ; 王雪红 白手起家的“富二代” ; 玫琳凯·艾施 化妆品王国的铿锵玫瑰等。 | |
| 410 | 0 | @12001 @a她力量系列 |
| 510 | 1 | @aSmartfortune women@zeng |
| 606 | 0 | @a女性@Anv xing@x生平事迹@y世界 |
| 690 | @aK818.5@v5 | |
| 701 | 0 | @a晴时@Aqing shi@4编著 |
| 801 | 0 | @aCN@b人天书店@c20170615@g |
| 905 | @aBZT@dK818.5@e12 | |
| 906 | @dCNY39.80@n3@r1 | |
| 财智女性的人生经营课= Smartfortune women/晴时编著.-广州:广东经济出版社,2017.06 |
| 248页;21cm.-(她力量系列) |
| ISBN 978-7-5454-5408-6:CNY39.80 |
| 本书共分为十八章, 其主要内容包括: 珍妮特·耶伦 百年美联储首位女掌门 ; 梅琳达·盖茨 慈善界“第一夫人” ; 王雪红 白手起家的“富二代” ; 玫琳凯·艾施 化妆品王国的铿锵玫瑰等。 |
| ● |
| 相关链接 |
|
|
|
正题名:财智女性的人生经营课
索取号:K818.5/12
 
预约/预借
| 序号 | 登录号 | 条形码 | 馆藏地/架位号 | 状态 | 备注 |
| 1 | 836209 | 2000836209 | 第二书库/ [索取号:K818.5/12] | 在馆 | |
| 2 | 836210 | 2000836210 | 第二书库/ [索取号:K818.5/12] | 在馆 | |
| 3 | 836211 | 2000836211 | 第二书库/ [索取号:K818.5/12] | 在馆 |